000 00398nam a2200133 4500
005 20260530113855.0
100 1 _aVarios
_931601
245 1 0 _aBeneficios económicos, sociales y Ambientales / Bonos de carbono
264 1 _bPronatura SAOaxaca Fundación Interamericana
_c2000
300 _a90 páginas
336 _atexto
_2rdacontent
337 _asin medio
_2rdamedia
338 _avolumen
_2rdacarrier
999 _c11578
_d11578